<?xml version="1.0" encoding="UTF-8"?>
<record
    xmlns:xsi="http://www.w3.org/2001/XMLSchema-instance"
    xsi:schemaLocation="http://www.loc.gov/MARC21/slim http://www.loc.gov/standards/marcxml/schema/MARC21slim.xsd"
    xmlns="http://www.loc.gov/MARC21/slim">

  <leader>02849nam a22003137a 4500</leader>
  <controlfield tag="005">2011010409179.0</controlfield>
  <datafield tag="010" ind1=" " ind2=" ">
    <subfield code="a">HIN-91475       B-443994-998</subfield>
  </datafield>
  <datafield tag="020" ind1=" " ind2=" ">
    <subfield code="c">225.00</subfield>
    <subfield code="a">9788183221429</subfield>
  </datafield>
  <datafield tag="035" ind1=" " ind2=" ">
    <subfield code="a">HN-63821</subfield>
  </datafield>
  <datafield tag="035" ind1=" " ind2=" ">
    <subfield code="a">B-443994-998</subfield>
  </datafield>
  <datafield tag="037" ind1=" " ind2=" ">
    <subfield code="b">DBAD / PUB</subfield>
  </datafield>
  <datafield tag="037" ind1=" " ind2=" ">
    <subfield code="b">&#x90F;&#x932;&#x93E;&#x908;&#x921; &#x92A;&#x92C;&#x94D;&#x932;&#x93F;&#x936;&#x930;&#x94D;&#x938;/</subfield>
  </datafield>
  <datafield tag="082" ind1=" " ind2=" ">
    <subfield code="a">613.5</subfield>
  </datafield>
  <datafield tag="100" ind1=" " ind2=" ">
    <subfield code="a">&#x92A;&#x949;&#x932; &#x915;&#x94D;&#x930;&#x948;&#x92E;&#x930;</subfield>
    <subfield code="9">37703</subfield>
  </datafield>
  <datafield tag="245" ind1=" " ind2=" ">
    <subfield code="a">&#x906;&#x92A;&#x915;&#x93E; &#x936;&#x930;&#x940;&#x930; &#x914;&#x930; &#x92A;&#x94D;&#x930;&#x926;&#x942;&#x937;&#x923;&#x903;</subfield>
    <subfield code="c">&#x92A;&#x949;&#x932; &#x915;&#x94D;&#x930;&#x948;&#x92E;&#x930;; &#x905;&#x930;&#x94D;&#x91A;&#x928;&#x93E; &#x92E;&#x93F;&#x936;&#x94D;&#x930;&#x93E; &#x926;&#x94D;&#x935;&#x93E;&#x930;&#x93E; &#x905;&#x928;&#x941;&#x926;&#x93F;&#x924;</subfield>
    <subfield code="b">&#x905;&#x938;&#x94D;&#x935;&#x93E;&#x938;&#x94D;&#x925;&#x94D;&#x92F;&#x915;&#x930; &#x926;&#x941;&#x928;&#x93F;&#x92F;&#x93E; &#x92E;&#x947;&#x902; &#x938;&#x94D;&#x935;&#x938;&#x94D;&#x925; &#x930;&#x939;&#x928;&#x93E; /</subfield>
  </datafield>
  <datafield tag="260" ind1=" " ind2=" ">
    <subfield code="a">&#x92D;&#x94B;&#x92A;&#x93E;&#x932;</subfield>
    <subfield code="b">&#x92E;&#x902;&#x91C;&#x941;&#x932; &#x92A;&#x92C;&#x94D;&#x932;&#x93F;&#x936;&#x93F;&#x902;&#x917; &#x939;&#x93E;&#x909;&#x938;</subfield>
    <subfield code="c">2003</subfield>
  </datafield>
  <datafield tag="270" ind1=" " ind2=" ">
    <subfield code="a">&#x915;&#x949;&#x930;&#x92A;&#x94B;&#x930;&#x947;&#x91F; &#x911;&#x92B;&#x93F;&#x938;&#x903; &#x926;&#x94D;&#x935;&#x93F;&#x924;&#x940;&#x92F; &#x924;&#x932;, &#x909;&#x937;&#x93E; &#x92A;&#x94D;&#x930;&#x940;&#x924; &#x915;&#x949;&#x92E;&#x94D;&#x92A;&#x94D;&#x932;&#x947;&#x915;&#x94D;&#x938;, 42 &#x92E;&#x93E;&#x932;&#x935;&#x940;&#x92F; &#x928;&#x917;&#x930;</subfield>
    <subfield code="b">&#x92D;&#x94B;&#x92A;&#x93E;&#x932;</subfield>
    <subfield code="e">462003</subfield>
    <subfield code="m">manjul@manjulindia.com</subfield>
  </datafield>
  <datafield tag="300" ind1=" " ind2=" ">
    <subfield code="a">155&#x92A;&#x943;</subfield>
    <subfield code="c">24&#x938;&#x947;&#x92E;&#x940; (&#x905;&#x91C;&#x93F;&#x932;&#x94D;&#x926;)</subfield>
  </datafield>
  <datafield tag="700" ind1=" " ind2=" ">
    <subfield code="9">25138</subfield>
    <subfield code="a">&#x92E;&#x93F;&#x936;&#x94D;&#x930;&#x93E;, &#x905;&#x930;&#x94D;&#x91A;&#x928;&#x93E; </subfield>
  </datafield>
  <datafield tag="700" ind1=" " ind2=" ">
    <subfield code="9">25157</subfield>
  </datafield>
  <datafield tag="942" ind1=" " ind2=" ">
    <subfield code="a">dpl</subfield>
    <subfield code="c">HN</subfield>
    <subfield code="2">ddc</subfield>
    <subfield code="m">&#x92A;&#x949;&#x932;&#x915;&#x94D;&#x930;&#x948;</subfield>
    <subfield code="h">613.5</subfield>
  </datafield>
  <datafield tag="999" ind1=" " ind2=" ">
    <subfield code="c">49728</subfield>
    <subfield code="d">49728</subfield>
  </datafield>
  <datafield tag="952" ind1=" " ind2=" ">
    <subfield code="0">0</subfield>
    <subfield code="1">0</subfield>
    <subfield code="2">ddc</subfield>
    <subfield code="4">0</subfield>
    <subfield code="7">1</subfield>
    <subfield code="8">NFIC</subfield>
    <subfield code="a">DBAD</subfield>
    <subfield code="b">DBAD</subfield>
    <subfield code="d">2011-01-04</subfield>
    <subfield code="e">DBAD /PUB</subfield>
    <subfield code="g">225.00</subfield>
    <subfield code="l">0</subfield>
    <subfield code="o">613.5&#x92A;&#x949;&#x932;&#x915;&#x94D;&#x930;&#x948;</subfield>
    <subfield code="p">HN-63821</subfield>
    <subfield code="r">2011-01-04 00:00:00</subfield>
    <subfield code="t">1</subfield>
    <subfield code="v">225.00</subfield>
    <subfield code="y">HN</subfield>
  </datafield>
  <datafield tag="952" ind1=" " ind2=" ">
    <subfield code="0">0</subfield>
    <subfield code="1">0</subfield>
    <subfield code="4">0</subfield>
    <subfield code="7">0</subfield>
    <subfield code="8">NFIC</subfield>
    <subfield code="a">L</subfield>
    <subfield code="b">L</subfield>
    <subfield code="d">2011-12-27</subfield>
    <subfield code="e">&#x90F;&#x932;&#x93E;&#x908;&#x921; &#x92A;&#x92C;&#x94D;&#x932;&#x93F;&#x936;&#x930;&#x94D;&#x938;/1117/22.9.11/8/15.9.11/4.10.11 </subfield>
    <subfield code="g">225.00</subfield>
    <subfield code="l">0</subfield>
    <subfield code="o">613.5 &#x92A;&#x949;&#x932;&#x915;&#x94D;&#x930;&#x948;</subfield>
    <subfield code="p">B-443994</subfield>
    <subfield code="r">2011-12-27 00:00:00</subfield>
    <subfield code="t">2</subfield>
    <subfield code="v">225.00</subfield>
    <subfield code="y">HN</subfield>
    <subfield code="z">Legal Case (Register No. 29)</subfield>
  </datafield>
  <datafield tag="952" ind1=" " ind2=" ">
    <subfield code="0">0</subfield>
    <subfield code="1">0</subfield>
    <subfield code="4">0</subfield>
    <subfield code="7">0</subfield>
    <subfield code="8">NFIC</subfield>
    <subfield code="a">ZLS</subfield>
    <subfield code="b">ZLS</subfield>
    <subfield code="d">2011-12-27</subfield>
    <subfield code="e">&#x90F;&#x932;&#x93E;&#x908;&#x921; &#x92A;&#x92C;&#x94D;&#x932;&#x93F;&#x936;&#x930;&#x94D;&#x938;/1117/22.9.11/8/15.9.11/4.10.11 </subfield>
    <subfield code="g">225.00</subfield>
    <subfield code="l">2</subfield>
    <subfield code="m">1</subfield>
    <subfield code="o">613.5 &#x92A;&#x949;&#x932;&#x915;&#x94D;&#x930;&#x948;</subfield>
    <subfield code="p">B-443996</subfield>
    <subfield code="r">2018-12-06 00:00:00</subfield>
    <subfield code="s">2018-11-17</subfield>
    <subfield code="t">1</subfield>
    <subfield code="v">225.00</subfield>
    <subfield code="y">HN</subfield>
  </datafield>
  <datafield tag="952" ind1=" " ind2=" ">
    <subfield code="0">0</subfield>
    <subfield code="1">0</subfield>
    <subfield code="4">0</subfield>
    <subfield code="7">0</subfield>
    <subfield code="8">NFIC</subfield>
    <subfield code="a">VP</subfield>
    <subfield code="b">VP</subfield>
    <subfield code="d">2011-12-27</subfield>
    <subfield code="e">&#x90F;&#x932;&#x93E;&#x908;&#x921; &#x92A;&#x92C;&#x94D;&#x932;&#x93F;&#x936;&#x930;&#x94D;&#x938;/1117/22.9.11/8/15.9.11/4.10.11 </subfield>
    <subfield code="g">225.00</subfield>
    <subfield code="l">9</subfield>
    <subfield code="m">3</subfield>
    <subfield code="o">613.5 &#x92A;&#x949;&#x932;&#x915;&#x94D;&#x930;&#x948;</subfield>
    <subfield code="p">B-443997</subfield>
    <subfield code="r">2024-03-21 00:00:00</subfield>
    <subfield code="s">2024-02-12</subfield>
    <subfield code="t">1</subfield>
    <subfield code="v">225.00</subfield>
    <subfield code="y">HN</subfield>
  </datafield>
  <datafield tag="952" ind1=" " ind2=" ">
    <subfield code="0">0</subfield>
    <subfield code="1">0</subfield>
    <subfield code="4">0</subfield>
    <subfield code="7">0</subfield>
    <subfield code="8">NFIC</subfield>
    <subfield code="a">BL4</subfield>
    <subfield code="b">BL4</subfield>
    <subfield code="d">2011-12-27</subfield>
    <subfield code="e">&#x90F;&#x932;&#x93E;&#x908;&#x921; &#x92A;&#x92C;&#x94D;&#x932;&#x93F;&#x936;&#x930;&#x94D;&#x938;/1117/22.9.11/8/15.9.11/4.10.11 	</subfield>
    <subfield code="g">225.00</subfield>
    <subfield code="l">0</subfield>
    <subfield code="o">613.5 &#x92A;&#x949;&#x932;&#x915;&#x94D;&#x930;&#x948;</subfield>
    <subfield code="p">B-443998</subfield>
    <subfield code="r">2011-12-27 00:00:00</subfield>
    <subfield code="t">1</subfield>
    <subfield code="v">225.00</subfield>
    <subfield code="w">2011-12-27</subfield>
    <subfield code="y">HN</subfield>
  </datafield>
  <datafield tag="952" ind1=" " ind2=" ">
    <subfield code="0">0</subfield>
    <subfield code="1">0</subfield>
    <subfield code="4">0</subfield>
    <subfield code="7">0</subfield>
    <subfield code="8">NFIC</subfield>
    <subfield code="a">L</subfield>
    <subfield code="b">L</subfield>
    <subfield code="d">2011-12-27</subfield>
    <subfield code="e">&#x90F;&#x932;&#x93E;&#x908;&#x921; &#x92A;&#x92C;&#x94D;&#x932;&#x93F;&#x936;&#x930;&#x94D;&#x938;/1117/22.9.11/8/15.9.11/4.10.11 	</subfield>
    <subfield code="g">225.00</subfield>
    <subfield code="l">0</subfield>
    <subfield code="o">613.5 &#x92A;&#x949;&#x932;&#x915;&#x94D;&#x930;&#x948;</subfield>
    <subfield code="p">B-443995</subfield>
    <subfield code="r">2011-12-27 00:00:00</subfield>
    <subfield code="t">2</subfield>
    <subfield code="v">225.00</subfield>
    <subfield code="w">2011-12-27</subfield>
    <subfield code="y">HN</subfield>
  </datafield>
</record>
